Muslims in America /

Originally planned as an installment in a periodic series about different religions, this particular broadcast slightly altered its focus in light of the Oklahoma City bombing on April 19, 1995. In addition to examining the tenets of the Muslim faith, it focuses on the hasty judgments made in connec...

Full description

Bibliographic Details
Corporate Author: ABC News
Format: Video VHS
Language:English
Published: Oak Forest, Ill. : MPI Home Video, [1997]
Subjects:

MARC

Tag First Indicator Second Indicator Subfields
LEADER 00000cgm a2200000Ia 4500
001 in00001533521
005 20151022053627.0
007 vf cbahou
008 971218p19971995ilu023 g vleng d
035 |a (OCoLC)ocm38111094 
040 |a EYU  |c EYU  |d TXA  |d UtOrBLW 
049 |a TXAM 
090 |a BP67.U6  |b M865 1997 
245 0 0 |a Muslims in America /  |c ABC News. 
246 1 |i Container title:  |a Muslims in America, the misunderstood millions 
264 1 |a Oak Forest, Ill. :  |b MPI Home Video,  |c [1997] 
264 4 |c ©1997 
300 |a 1 videocassette (23 min.) :  |b sound, color ;  |c 1/2 in. 
336 |a two-dimensional moving image  |b tdi  |2 rdacontent 
337 |a video  |b v  |2 rdamedia 
338 |a videocassette  |b vf  |2 rdacarrier 
538 |a VHS. 
511 0 |a Hosts, Ted Koppel and John Esposito. 
500 |a Videocassette release of the May 4, 1995 ABC News Nightline television program. 
520 |a Originally planned as an installment in a periodic series about different religions, this particular broadcast slightly altered its focus in light of the Oklahoma City bombing on April 19, 1995. In addition to examining the tenets of the Muslim faith, it focuses on the hasty judgments made in connection to Muslims whenever a terrorist act occurs anywhere in the world. 
500 |a Videorecording. 
650 0 |a Muslims  |z United States. 
650 0 |a Islam  |z United States. 
710 2 |a ABC News. 
730 0 |a Nightline (Television program) 
948 |a cataloged  |b h  |c 2000/9/19  |d c  |e dmitchel  |f 2:30:00 pm 
994 |a E0  |b TXA 
999 |a MARS 
999 f f |s 83d36cc6-9ab9-385f-a907-322eaa517f5b  |i 6a7b609e-a553-3071-8577-8d4dedbb2e91  |t 0 
952 f f |p ric  |a Texas A&M University  |b Rellis Campus  |c Joint Library Facility  |d Remote Storage  |t 0  |e BP67.U6 M865 1997  |h Library of Congress classification  |i video -- videocassette  |m A14826730599 
998 f f |a BP67.U6 M865 1997  |t 0  |l Remote Storage